Bnha class 1a character descriptions - Statistics

General Stats
  • This quiz has been taken 182 times
  • The average score is 6 of 14
Answer Stats
Descriptions Answer % Correct
Broccoli Izuku Midoriya
89%
DIE DIE DIE Katsuki Bakugou
84%
I can float Ochaco Uraraka
73%
I'm a friend of Bakubro Eijiro Kirishima
53%
Grape Minoru Mineta
51%
Excellent musician/singer Kyoka Jiro
46%
2 quirks Shoto Todoroki
45%
Pikachu Denki Kaminari
42%
Class representative Tenya Lida
39%
Class 1a's big sis Momo Yaoyorozu
28%
Ribbit Tsuyu Asui
27%
Monkey tail Mashirao Ojiro
21%
No see meh Toru Hagakure
17%
Introvert Koda Koji
2%
No matching quizzes found
Score Distribution
Percent of People with Each Score
Percentile by Number Answered
Your Score History
You have not taken this quiz